[Event "Turnier 40 / 120"]
[Site "Wien"]
[Date "2023.??.??"]
[Round "1"]
[White "Tasc R40 V2.50 Phoenix"]
[Black "ChessGenius Exclusive 300 MHz"]
[Result "1/2-1/2"]
[WhiteElo "2401"]
[BlackElo "2405"]
[Annotator "Christian"]
[PlyCount "157"]
[EventDate "2023.??.??"]

{[%evp 0,100,19,-32,-4,-14,19,14,17,14,14,26,21,20,14,6,45,7,25,2,20,22,15,-12,22,40,23,26,27,27,27,28,98,85,82,86,87,87,120,121,145,171,144,143,143,148,131,150,150,120,127,139,137,145,142,142,177,172,185,60,105,120,173,173,153,161,180,113,125,84,128,134,137,112,107,107,142,146,143,139,139,122,138,126,121,108,121,97,88,113,102,102,102,78,97,33,117,61,55,64,64,64,70]} {Runde 1: Nimzowitsch-Larsen Angriff | Tasc R40 kann im Mittelspiel 2 Bauern gewinnen und hat 3 geschlossene Bauern gegenüber nur einem des Gegners am Damenflügel, ein kleines Problem sind noch die unterschiedlichen Läufer, bei korrektem Spiel sollte das aber klar zu gewinnen sein, der Tasc R40 V 2.5 leistet sich dann jedoch einige Ungenauigkeiten und verspielt diesen Vorteil noch im Endspiel glaubt er aufgrund eines weit vorgerückten Freibauern noch fest an den Sieg mit Bewertung um die +3,00, jedoch am offenen Brett mit den Damen kommt er nicht mehr aus dem Dauerschach, Komodo und auch sein Gegner erkennen das praktisch sofort. Am Ende ein glückliches Remis für MCGE 300 MHZ zum Auftakt. Stand: 0,5 : 0,5} 1. b3 e5 2. Bb2 {Buchende} d6 (2... Nc6 3. e3 Nf6 (3... d6 4. Bb5 Bd7 5. Nf3 e4 6. Nd4 Qg5 7. g3 Nf6 8. d3 a6 9. Bxc6 bxc6 10. Nd2 Bg4 11. Ne2 exd3 12. cxd3 Qd5 13. f3 Bxf3 14. Rf1 Bxe2 15. Qxe2 Be7 16. e4 Qe6 17. Rc1 c5 18. d4 d5 19. Rf5 cxd4 20. Bxd4 dxe4 21. Re5 Qd6 22. Rc4 O-O-O 23. Rec5 Nd5 24. Rc6 Qd7 25. Rxa6 e3 26. Bxe3 Qb5 27. Ra8+ Kb7 28. a4 Qd7 29. Ra7+ Kb8 30. Qf3 Rhe8 31. Kf2 Qe6 32. Rcxc7 Qxe3+ 33. Qxe3 Nxe3 34. Rcb7+ Kc8 35. Rxe7 Rxe7 36. Rxe7 Rxd2+ 37. Kxe3 Rxh2 38. b4 Rb2 39. b5 Rb3+ 40. Kf2 Rb2+ 41. Kf3 Rb4 42. Ra7 g5 43. g4 Kb8 44. Ra6 Kc7 45. Kg3 Rb3+ 46. Kf2 Rb4 47. Kf3 Kb7 48. Kg3 Rb3+ 49. Kf2 Rb4 50. Ke3 Rxg4 51. a5 Ra4 52. Kf3 h5 53. Rb6+ Kc7 54. Rc6+ Kb8 55. Rb6+ Kc8 56. a6 h4 57. Rh6 g4+ 58. Kf2 Ra2+ 59. Ke3 Ra3+ 60. Kf4 Ra4+ 61. Ke5 g3 62. Kd6 Rd4+ 63. Kc6 Rc4+ 64. Kd6 Kb8 65. b6 Rc8 66. Rxh4 Rg8 67. Kc6 Rg6+ {½-½ (67) Tasc R40 v2.50 Phoenix (2401)-MCGE ARM Cortex M7 300 MHz (2405) Wien 2023 [kutzi]}) 4. Bb5 Bd6 5. Na3 e4 6. Nc4 Be7 7. d3 O-O 8. dxe4 Nxe4 9. Ne2 Bb4+ 10. c3 Qf6 11. O-O Nxc3 12. Bxc3 Bxc3 13. Rc1 Bb4 14. Nf4 Bc5 15. Qd5 Be7 16. Qh5 g6 17. Qd1 Qg5 18. Nd5 Bd8 19. f4 Qf5 20. Qf3 a6 21. e4 Qe6 22. f5 Qe8 23. Bxc6 dxc6 24. Nf4 Bf6 25. Ne2 Qe7 26. Rcd1 Kh8 27. Ng3 Kg7 28. Kh1 Kg8 29. e5 Bg5 30. f6 Qb4 31. Ne4 Bh6 32. a3 Qb5 33. Qg3 Re8 34. Rd3 Be6 35. Qh4 Bf8 36. Ng5 h6 37. Nxe6 Rxe6 38. Rfd1 a5 39. a4 Qb4 40. Qg3 b5 41. axb5 cxb5 42. Nd2 a4 43. Qe3 axb3 44. Nxb3 Rae8 45. Rd8 Qg4 46. R1d5 Rxf6 47. Kg1 Qc4 48. Qc1 Qxc1+ 49. Nxc1 Rxd8 50. Rxd8 Rc6 51. Nb3 b4 52. Kf2 Rc2+ 53. Nd2 Kg7 54. Ke2 Be7 55. Kd1 Rc5 56. Rc8 Bg5 57. Nf3 Be3 58. Rb8 Rc1+ 59. Ke2 Bb6 60. Nd2 Rc3 61. Rd8 Re3+ 62. Kd1 Rxe5 {0-1 (62) Tasc R40 v2.50 Phoenix (2401)-MCGE ARM Cortex M7 300 MHz (2405) Wien 2023 [kutzi]}) 3. e4 {Buchbewertung Tasc R40 V 2.5: +0,04} Nf6 {Buchende diese Eröffnung gab es auch mit Match gegen Tasc R30 V 2.5, damals verlor MCGE 300 MHZ} 4. Nc3 Nc6 {Buchbewertung MCGE: +0,17 lt. Komodo ist die Stellung ausgeglichen} 5. Nf3 Be7 6. Bb5 Bg4 7. h3 Bh5 8. g4 Bg6 9. Qe2 O-O 10. Bxc6 bxc6 11. O-O-O Qd7 12. d4 exd4 13. Rxd4 c5 $2 {Schlecht (KUT)} ({Leptir 130223-avx2:} 13... Rfe8 14. Ne5 Qe6 15. Nxg6 hxg6 16. f4 d5 17. e5 Nd7 18. g5 Qf5 19. Qh2 f6 20. gxf6 gxf6 21. Kb1 Bc5 22. Rdd1 fxe5 23. fxe5 Qf2 24. Na4 Qxh2 25. Rxh2 Bf8 26. Re2 Bd6 27. Rde1 Bb4 28. c3 Be7 29. e6 Nf8 30. c4 {[%eval 70,30]}) 14. Ra4 c6 15. Rd1 Rfb8 $2 {ein ganz schlechter Zug, danach ist die Partie praktisch schon verloren, Komodo -1,50, deutlich besser ist entweder Tad8 oder d5.} 16. e5 Nd5 17. Nxd5 {hier weicht die Partie nun ab von jener gegen Tasc R30 V2.5, der spielte hier den schwächeren Zug 17. Dd2, Tasc R40 machte es also besser, Komodo +1,70} cxd5 18. Rxd5 Qc6 {MCGE verschlechtert seine Lage praktisch mit jedem Zug, deutlich besser ist noch De6, Komodo -2,50, die Partie ist bereits verloren} 19. Qc4 $1 {jeder Zug sitzt beim Tasc R40} Rd8 20. Ra6 $1 {so auch dieser} Qb7 21. exd6 Bxd6 22. Raxd6 Rxd6 23. Rxd6 Qxf3 24. Qxc5 {mit 3 geschlossenen Bauern gegenüber nur einem am Damenflügel ist das nur noch eine Formalität, der Rest spielt sich praktisch von selbst, hier beende ich die Kommentierung, denn das Ergebnis ist hier schon klar, Komodo -2,70} Re8 25. Qc3 {klar schwächer als Lc3, aber Weiss steht natürlich klar auf Gewinn, Komodo +2,00} Qf4+ 26. Kb1 f6 27. Rd7 {ungenau, besser ist Dd2, Komodo +1,50} Re2 $4 {ein ganz schlechter Zug, danach ist die Partie wieder ganz klar verloren, Komodo -2,30, deutlich besser ist Dxf2} 28. Rd8+ $2 {klar schwächer als Dc8+, Komodo +1,40} Kf7 29. Qa5 Bxc2+ 30. Ka1 Qf3 31. Qh5+ Bg6 32. Qc5 Re8 33. Qxa7+ {nicht ideal, besser ist Dc4+, Komodo "nur" noch +1,10 für Weiss} Kg8 34. Qc7 Qxh3 35. Qc4+ Kh8 36. Rxe8+ Bxe8 37. a4 Qh1+ 38. Ka2 h6 39. a5 $2 {Tasc R40 V 2.5 sieht sich bereits als klaren Sieger: +2,36 ! / aber das ist voreilig und klar schwächer als Dc8, Komodo +1,00} Qe1 {MCGE gibt sich durchaus noch Chancen: nur -0,76} 40. Qc7 Qe6 41. Qb8 Kh7 42. Qb4 Qe2 43. Ka3 $2 {ein weitere Ungenauigkeit, danach ist die Stellung bereits im Lot, Komodo 0,00 mit der Fortsetzung Dxf2} Qxf2 44. a6 Qa7 45. Qc4 Qd7 46. Bc3 Qe7+ 47. b4 Qe3 48. b5 {Tasc R40 V 2.5: +2,88 !!, unterliegt hier jedoch einer Fehleinschätzung, danach ist die Partie sicher Remis mit der Fortsetzung Lxb5, danach kommt Weiss nicht mehr aus dem Schach, Komodo 0,00} Bxb5 49. Qxb5 {Tasc R40: +2,74} Qxc3+ {MCGE: 0,00 / ebenso Komodo} 50. Ka4 Qa1+ 51. Kb4 Qe1+ 52. Kc5 Qe5+ 53. Kb6 Qb8+ 54. Ka5 Qd8+ 55. Kb4 {Tasc R40 V 2.5 glaubt immer noch an einen Sieg: +2,94 !! / MCGE und Komodo 0,00} Qd6+ 56. Kc3 Qc7+ 57. Kb2 Qh2+ 58. Ka1 Qc7 59. Qb7 Qc3+ 60. Kb1 Qd3+ 61. Kb2 Qd4+ 62. Kb3 Qd3+ 63. Kb4 f5 64. gxf5 {Tasc R40 V 2.5: +3,60 !! / MCGE und Komodo 0,00} Qxf5 65. Kc4 Qc2+ 66. Kd4 Qf2+ 67. Kd3 Qf1+ 68. Kc3 Qf6+ 69. Kc4 Qf1+ 70. Kc5 Qg1+ 71. Kc6 Qg6+ 72. Kd5 h5 73. Kd4 Qf6+ 74. Ke3 Qc3+ 75. Kf2 Qd4+ 76. Kf3 Qd1+ 77. Ke3 Qg1+ 78. Ke2 Qg4+ 79. Kd3 {Obwohl sich Tasc R40 V 2.5 hier immer noch mit +2,45 im Vorteil sieht, werde ich mich hier der Mehrheit von MCGE und Komodo mit exakt 0,00 anschliessen und es hier Remis geben, da gibt es kein entkommen mehr aus dem Schach / ein glückliches Remis für MCGE 300 MHZ} 1/2-1/2

[Event "Turnier 40 / 120"]
[Site "Wien"]
[Date "2023.??.??"]
[Round "2"]
[White "ChessGenius Exclusive 300 MHz"]
[Black "Tasc R40 V2.50 Phoenix"]
[Result "1-0"]
[WhiteElo "2405"]
[BlackElo "2401"]
[Annotator "Christian"]
[PlyCount "135"]
[EventDate "2023.??.??"]

{[%evp 0,84,18,32,77,55,55,35,36,51,65,65,56,67,75,64,72,54,25,-2,4,-14,-4,-4,30,6,6,-33,-31,-35,-33,-33,-37,-48,-49,-49,-49,-49,-18,-35,-35,-15,-29,-20,-69,-40,-3,-26,-6,-7,33,-49,-16,-29,-18,-21,11,15,33,15,5,1,84,-25,166,119,102,63,90,113,122,138,146,144,238,208,204,204,279,242,286,221,220,254,240,173,226]} {Runde 2: Holländisch | Der Tasc R40 V 2.5 fliegt bereits nach einem Zug aus dem Buch, der MCGE auch schon nach 4 Zügen, auffällig ist bei diesem Duell wie schon gegen den Tasc R30 V 2.5 die schlechte Buchleistung, diese beiden Bücher ergänzen sich überhaupt nicht, trotz ihrer enormen Grösse. Ein überaus kompliziertes Mittelspiel mit zahlreichen Wendungen und extremen Vor- und Nachteilen für beide Geräte, das ist einfach undurchschaubar für beide Geräte und überfordert sie hoffnungslos, da ist praktisch jeder Zug ein Fehlgriff. MCGE 300 MHZ kann dann einen Qualitätsgewinn erzielen und setzt sich am Ende doch klar durch, an dieser Stelle eine Randbemerkung, die Eröffnungen aus den beiden ersten Runden wurden auch im Match gegen Tasc R30 V 2.5 gespielt, der kleine Bruder holte daraus 1,5 Punkte, während sein grosser Bruder nur 0,5 schafft Stand: 1,5 : 0,5 für MCGE 300 MHZ (75,00 %)} 1. d4 f5 {Buchende} 2. Bg5 h6 {Buchbewertung Tasc R40 V 2.5: -0,33} 3. Bh4 g5 4. e3 {Buchende / auch diese Eröffnung gab es im Match gegen Tasc R30 V 2.5 und endete Remis} Bg7 5. Bg3 {Buchbewertung MCGE: +0,43 / lt. Komodo steht Weiss etwas besser mit ca. +0,60} Nf6 6. Nc3 d5 7. Nf3 Be6 8. Be2 Nc6 9. Nb5 Rc8 10. O-O a6 11. Nc3 Nd7 12. Qd3 O-O 13. Nb1 f4 14. exf4 gxf4 15. Bh4 Nb6 16. c3 Bf5 17. Qd1 Qd6 18. Bd3 Bg4 19. h3 Bxf3 {Tasc R40 V 2.5 sieht sich hier klar im Vorteil: +1,23 !} 20. Qxf3 {MCGE: sieht es fast gleich: -0,07 / lt. Komodo steht Schwarz knapp besser mit ca. +0,30} e5 21. Bc2 Nc4 22. b3 $2 {ein schlechter Zug, deutlich besser ist Sa3, Komodo -1,20 mit der Fortsetzung Sb2} Nb6 $2 {ebenfalls schwach, verschenkt gleich wieder den eben erhaltenen Vorteil, die Stellung ist wieder im Lot, Komodo 0,00} 23. dxe5 Nxe5 24. Qh5 Rce8 25. Bf5 $2 {ein schlechter Zug, danach ist Schwarz wieder im Vorteil, Komodo -1,20 mit der Fortsetzung Sc6, deutlich besser ist Sd2 mit sogar leichtem Vorteil für Weiss} Rf7 $2 {so aber nicht, verschenkt neuerlich den gesamten Vorteil, die Stellung ist wieder im Lot, Komodo 0,00} 26. Rd1 Ref8 27. Bc2 f3 {besser ist De6 mit leichtem Vorteil für Schwarz, nach dem Textzug ist Weiss etwas im Vorteil, Komodo +0,60} 28. g4 Re8 $2 {ein schlechter Zug, danach ist Weiss bereits klar im Vorteil, Komodo -1,50 mit der Fortsetzung Sd2, deutlich besser ist Sbd7 mit ca. -0,50} 29. Bg3 $2 {ebenfalls schwach, verspielt wieder den Grossteil des Vorteiles, Komodo +0,40} Nbd7 30. Re1 $2 {ein schlechter Zug, der Schwarz wieder in Vorteil bringt, Komodo -0,80 mit der Fortsetzung Dc6, immer noch war Sd2 angesagt} Rfe7 $4 {ein ganz schlechter Zug, der praktisch die Vorzeichen umkehrt, nun ist Weiss wieder im Vorteil mit ca. +0,80 (der Textzug büsst also ca. 1,5 Bauerneinheiten !!! ein)} 31. Re3 $4 {diese Stellung überfordert beide Geräte offensichtlich, neuerlich ein ganz schlechter Zug und wieder werden die Vorzeichen umgedreht, nun steht Schwarz wieder besser mit ca. +1,00, der Textzug büsst also ca. 2,0 Bauerneinheiten !! ein, immer noch war wie immer Sd2 angesagt} Nb6 $2 {hier weicht die Partie nun ab von jener gegen Tasc R30 V 2.5 Aktiv, allerdings muss man sagen, der kleine Bruder spielte noch den weit besseren Zug b5, der Weiss nur mit +1,00 in Vorteil brachte, der Textzug ist ein Verlustzug und büsst ganze 3,5 Bauerneinheiten !!! ein, danach ist die Partie bereits verloren, Komodo -2,40, nötig war Sf6 mit ca. +1,00 für Schwarz !!} ({Leptir 130223-avx2:} 31... Nf6 32. Qf5 Ne4 33. Bxe4 dxe4 34. Qxe4 h5 35. Qd4 Qc6 36. Qe4 Qxe4 37. Rxe4 Ng6 38. Rxe7 Rxe7 39. Nd2 Bxc3 40. Rd1 h4 41. Nxf3 hxg3 42. fxg3 Bb4 43. Rd8+ Kf7 44. h4 Ne5 45. Nxe5+ Rxe5 46. Rd7+ Re7 47. Rd5 Bd6 48. Rf5+ Kg7 49. Rg5+ Kh7 50. Rh5+ Kg8 51. Kf2 Re4 52. Kf3 Rd4 53. Rg5+ Kh7 54. Ke3 Rd1 55. Rh5+ Kg6 56. Rg5+ Kf7 57. Rf5+ Ke6 58. Rf3 Rc1 59. Ke2 Be5 60. g5 Rc2+ 61. Kf1 Rxa2 {[%eval -170,33]}) 32. Bh4 $2 {aber auch MCGE macht es nicht besser, hier sei wirklich die Frage erlaubt, wo bleibt endlich Sd2 ?, der verkümmert ja auf dem Feld b1, eigentlich nicht zu fassen, dass ein Gerät dieser Kategorie derart häufig diesen mehr als offensichtlichen Zug verschmäht, ganz schwach !!!, Komodo nur noch +0,80 für Weiss, büsst also 2,7 Bauerneinheiten !! ein} Rf7 $2 {verliert die Partie, nötig war d4, Komodo -2,60} 33. Bg6 $2 {ja es ist einfach nicht zu glauben, selber Kommentar wie beim vorigen Zug, wo bleibt Sd2 ?????, Komodo +1,00, büsst wieder 1,5 Bauerneinheiten !! ein, allerdings muss man hier sagen der Textzug ist nicht unverständlich, denn immerhin gewinnt Weiss danach die Qualität} Nxg6 34. Rxe8+ Kh7 35. Bg5 Nd7 $2 {ein schlechter Zug, leider verwirft Tasc R40 V 2.5 im letzten Moment den weit besseren Zug Dc6 wegen einer Bewertungsdifferenz von +0,05, der Textzug büsst ca. 1,5 Bauerneinheiten !! ein, danach ist die Partie bereits wieder verloren, Komodo -2,50} 36. Nd2 $3 {das ich das noch erleben darf !!! -:)} Qc6 $4 {ja dazu kann man nur sagen, warum nicht gleich ??, an dieser Stelle ist dieser Zug leider ein grober Fehlgriff, danach ist alles vorbei, Komodo -4,50 (büsst neuerlich ganze 2 Bauerneinheiten !! ein), deutlich besser ist noch Sf6, mit ca. -2,50} 37. Re3 $2 {ein schwacher Zug, der eine ganze Bauerneinheit einbüsst, deutlich besser ist Tae1, dennoch steht Weiss noch klar auf Gewinn, Komodo +3,50} Nde5 38. Rd1 $2 {deutlich schwächer als Te1 oder Sf1, Komodo +2,50} b5 $2 {ein grottenschlechter Zug, der ganze 2 Bauerneinheiten einbüsst, der die Situation deutlich verschlechert, mehr Widerstand leistet Tf8, Komodo -4,50} 39. Nf1 $1 Rd7 40. Bh4 $2 {ein schlechter Zug, der ca. 1,5 Bauerneinheiten einbüsst, dennoch steht Weiss klar auf Gewinn, Komodo +3,00, deutlich besser ist Tde1} Nxh4 41. Qxh4 Qe6 $2 {sich in das Schussfeld des weissen Turmes zu begeben ist natürlich auch keine besonders gute Idee, deutlich besser ist Sg6, Komodo -4,50, hier beende ich mal die weitere Kommentierung das sollte Weiss jetzt schon sicher nach Hause bringen, falls sich noch was gravierendes daran ändert, setzte ich die Kommentare wieder ein, natürlich werden in der Folge nicht die optimalen Züge gemacht, aber dennoch sollte es reichen für Weiss.} 42. Qg3 c5 43. Nh2 d4 44. cxd4 cxd4 45. Re4 Qd5 46. Qf4 d3 47. Qe3 Rf7 48. Rc1 Re7 49. Rd4 Qb7 50. Rd6 Kg8 51. Nf1 Nf7 52. Re6 Bd4 53. Qe1 Ne5 54. Rxe7 Qxe7 55. Qe4 Qd7 56. Ng3 Bb2 57. Rc5 Ba1 $2 {ohne Worte} 58. Rd5 Qc7 59. Qf4 Bb2 60. Qxh6 Nf7 61. Qxa6 Be5 62. Nf1 Bg7 63. Qxb5 Ne5 64. Qe8+ Kh7 65. g5 Ng6 66. Rd8 Nf8 67. Qe4+ Kh8 68. Qxd3 {entfernt die letzte, wenn auch nur mehr theoretische Chance von Schwarz, Userentscheid: 1-0} 1-0

[Event "Turnier 40 / 120"]
[Site "Wien"]
[Date "2023.??.??"]
[Round "3"]
[White "Tasc R40 V2.50 Phoenix"]
[Black "ChessGenius Exclusive 300 MHz"]
[Result "1-0"]
[WhiteElo "2401"]
[BlackElo "2405"]
[Annotator "Christian"]
[PlyCount "40"]
[EventDate "2023.??.??"]

{[%evp 0,40,32,20,32,66,104,71,104,100,112,118,124,117,123,123,108,105,93,93,117,90,127,102,103,119,130,107,165,154,183,162,150,155,177,173,201,216,218,215,206,267,383]} {Runde 3: Sizilianisch / Auch diese Eröffnung wurde im Match gegen Tasc R30 V 2.5 gespielt und wird auch hier dem MCGE 300 zum Verhängnis. Nach dieser Eröffnung möchte ich dem Programm des MCGE jedoch keinen Vorwurf machen, sondern möchte ich hier eine Anklage gegen die Buchmacher erheben, die das Programm bereits nach 4 Zügen in eine klar verlorene Stellung entlassen, da war beim besten Willen nichts mehr zu holen nach diesem Katastrophenstart. MCGE hat auch noch ganz schlecht gespielt, es gab Züge, die noch weit mehr Widerstand leisten würden, aber die Partie war praktisch nach 4 Zügen (vor Buchende) schon verloren. Die Partie verlief übrigens exakt gleich zu jener gegen Tasc R30 V 2.5, eine 1 : 1 Kopie, nur beende ich das hier früher einfach sinnlos. Das Match ist wieder ausgeglichen. Stand: 1,5 : 1,5} 1. e4 c5 2. Nf3 g6 3. d4 Bg7 4. dxc5 {Buchende} Na6 {Buchende / auch diese Eröffnung wurde im Match gegen Tasc R30 V 2.5 gespielt, nach dieser ganz schlechten Eröffnung verlor MCGE chancenlos und so wird es wohl auch hier sein, daraus ist einfach nichts zu machen: Eröffnungspech !!!} ({Leptir 130223-avx2:} 4... Qa5+ 5. c3 Qxc5 6. Na3 d6 7. Be3 Qa5 8. e5 Bxe5 9. Nxe5 Qxe5 10. Nb5 Na6 11. Be2 Nf6 12. Bxa7 O-O 13. Bd4 Qg5 14. h4 Qf4 15. Be3 Qe5 16. a4 h5 17. Bd4 Qf4 18. b4 Bg4 19. O-O Bxe2 20. Qxe2 Nd5 21. Rfe1 Qxh4 22. Qf3 Qg5 23. Rad1 Rfc8 24. Be3 Nxe3 25. Rxe3 {[%eval 67,36]}) 5. Bxa6 {Buchbewertung Tasc R40 V 2.5 Aktiv: +1,03} Qa5+ {Buchbewertung MCGE: -0,85, hier kann man dem Programm des MCGE keinen Vorwurf mehr machen, hier kann man sich nur bei den Buchmachern beklagen, die Partie ist an dieser Stelle bereits klar verloren, Komodo -2,00} 6. Bd2 Qxa6 7. Nc3 Qc4 8. Qe2 Qxc5 9. O-O-O Qc6 10. e5 a5 $2 {die Partie ist ohnehin verloren, aber nach diesem Katastrophenzug ist natürlich alles hoffnungslos, den Rest könnte man sich bereits schenken, Komodo -3,00, deutlich besser ist noch b5 aber auch danach steht Schwarz schon ganz schlecht mit ca. -1,80} 11. Rhe1 $2 {weit schwächer als Sd4, aber auch das rettet Schwarz nicht mehr, Komodo +2,20} b6 12. Bf4 Ba6 13. Qd2 Bc4 14. Nd4 Qb7 15. b3 Ba6 16. Ndb5 Rc8 17. a4 Rc6 $4 {es ist hier schon egal, aber nochmals um ganze 2 Bauerneinheiten !! schlechter als h5, aber ich verstehe den Wunsch nach dem Freitod nach dieser Eröffnung., Komodo -5,00} 18. Kb1 {klar schwächer als Te3, spielt aber keine Rolle mehr, Komodo +3,50} h6 19. Nd5 Kf8 20. Ndc7 Rxc7 {Nochmals ein Katastrophenzug, um ganze 3 Bauerneinheiten schlechter als Lxb5, allerdings ist es ohnehin hoffnungslos, Komodo -7,00, Userentscheid: 1-0 / eine grottenschlechte Partie des MCGE, aber dem Programm kann man nur begrenzt einen Vorwurf machen, die Buchmacher entliessen das Programm bereits nach 4 Zügen !!! in einer hoffnungslosen Position.} 1-0